| 000 | 00771nam a22002417a 4500 | ||
|---|---|---|---|
| 999 |
_c15450 _d15450 |
||
| 003 | AR-CdUCM | ||
| 008 | 190427b ||||| |||| 00| 0 spa d | ||
| 040 |
_aMUNICIPALIDAD PROVINCIAL DEL CUSCO _cBIBLIOTECA MUNICIPAL DEL CUSCO |
||
| 082 |
_a869.9533 / _bD25 / 1918 |
||
| 100 |
_aDario, Rubén _92765 |
||
| 245 | _aPeregrinaciones / | ||
| 260 |
_aMadrid : _bMundo Latino, _c1918. |
||
| 300 |
_a241 páginas ; _bretrato, _c18 cm. |
||
| 440 |
_aObras completas. _n12 _934527 |
||
| 505 | _aContenido: Ensayos. | ||
| 650 |
_aEnsayos nicaraguenses _934528 |
||
| 650 |
_aSiglo XIX _9971 |
||
| 650 |
_aEnsayos descriptivos _99887 |
||
| 650 |
_aFrancia (París) _934529 |
||
| 700 |
_aOchoa, Enrique (ilustraciones) _934530 |
||
| 942 |
_2ddc _cLIBROS |
||
| 945 |
_aachl _d2019-04-27 |
||